|
|
|
|
| LEADER |
01033nam a2200277 a 4500 |
| 001 |
4814375 |
| 003 |
BD-DhAAL |
| 008 |
090727t19982002ii 000 1 eng d |
| 999 |
|
|
|c 3046
|d 3046
|
| 010 |
|
|
|a 88905102
|
| 020 |
|
|
|a 8175300434
|
| 040 |
|
|
|a DLC
|c DLC
|d DLC
|d BD-DhAAL
|
| 082 |
|
|
|2 22
|a 823.914
|
| 100 |
1 |
|
|a Ghosh, Amitav
|9 32770
|
| 245 |
1 |
4 |
|a The shadow lines /
|c Amitav Ghosh.
|
| 260 |
|
|
|a Delhi :
|b Ravi Dayal Publisher :
|b Distributed by Orient Longman,
|c 1998. [Third impression 2002]
|
| 300 |
|
|
|a 252 p. ;
|c 23 cm.
|
| 500 |
|
|
|a Novel.
|
| 500 |
|
|
|a "OLBN 0 02516 001 X"--T.p. verso.
|
| 541 |
1 |
|
|e 00010087
|
| 650 |
|
0 |
|a Boys
|x Fiction.
|9 32771
|
| 650 |
|
0 |
|a British
|z India
|x Fiction.
|9 32772
|
| 651 |
|
0 |
|a Calcutta (India)
|x Fiction.
|9 32773
|
| 852 |
4 |
|
|a Ayesha Abed Library
|j General Shelf.
|
| 942 |
|
|
|2 ddc
|c BK
|
| 952 |
|
|
|0 0
|1 0
|2 ddc
|4 0
|6 823_914000000000000_GHO
|7 0
|9 2759
|a BRACUL
|b BRACUL
|c GEN
|d 2009-08-30
|g 0.00
|l 12
|m 86
|o 823.914 GHO
|p 3010010087
|r 2026-05-05
|s 2026-04-27
|t 1
|w 2009-08-30
|y BK
|x No price found in the accession register.
|